Spieler von FC Basel - Sudden Death - Statistiken

Allgemein
  • Dieses Quiz wurde 266 mal gespielt
  • Das Durchschnittsergebnis liegt bei 10 aus 20
Answers on the Grid
Answers color-coded by a green-red scale on the quiz's grid according to % correct below.
Xherdan Shaqiri
Taulant Xhaka
Granit Xhaka
Marwin Hitz
Riccardo Calafiori
Andy Diouf
Zeki Amdouni
Mohamed Salah
Manuel Akanji
Thierno Barry
Marco Streller
Ricky van Wolfswinkel
Ivan Rakitić
Michael Lang
Noah Okafor
Breel Embolo
Edon Zhegrova
Murat Yakın
Arthur Cabral
Fabian Frei
Haris Seferović
Andy Delort
Alvyn Sanches
Fabio Celestini
Mbala Nzola
Omar Marmoush
Marko Arnautović
Jean-Pierre Nsame
Ousmane Diomande
Jean-Philippe Mateta
Théo Berdayes
Steven Zuber
Toni Kroos
Kevin Mbabu
Anton Mirantchouk
Remo Freuler
 
Antwortstatistiken
Antwort % Korrekt
Xherdan Shaqiri
64%
Fabian Frei
63%
Taulant Xhaka
59%
Breel Embolo
58%
Marwin Hitz
58%
Granit Xhaka
57%
Mohamed Salah
57%
Michael Lang
56%
Manuel Akanji
55%
Marco Streller
53%
Arthur Cabral
50%
Ivan Rakitić
49%
Noah Okafor
48%
Murat Yakın
47%
Zeki Amdouni
47%
Riccardo Calafiori
45%
Thierno Barry
45%
Ricky van Wolfswinkel
44%
Edon Zhegrova
38%
Andy Diouf
31%
Keine übereinstimmenden Quizze gefunden
Verteilung der Resultate
Anzahl Personen mit jedem Resultat
Perzentil nach korrekt beantworteten Fragen
Ihre Resultats-Entwicklung
Sie haben dieses Quiz noch nicht gespielt